<?xml version="1.0" encoding="UTF-8"?>
<collection xmlns:xsi="http://www.w3.org/2001/XMLSchema-instance" xsi:schemaLocation="http://www.loc.gov/MARC21/slim http://www.loc.gov/standards/marcxml/schema/MARC21slim.xsd" xmlns="http://www.loc.gov/MARC21/slim">
 <record>
  <leader>00000nam a22000004a 4500</leader>
  <controlfield tag="001">UP-1685675941131675255</controlfield>
  <controlfield tag="003">Buklod</controlfield>
  <controlfield tag="005">20240110153936.0</controlfield>
  <controlfield tag="006">m     o  d        </controlfield>
  <controlfield tag="007">ta</controlfield>
  <controlfield tag="008">240104s2023    ph      rm    000 0deng d</controlfield>
  <datafield tag="040" ind1=" " ind2=" ">
   <subfield code="a">DLC</subfield>
   <subfield code="d">DCHK</subfield>
   <subfield code="e">rda</subfield>
  </datafield>
  <datafield tag="041" ind1=" " ind2=" ">
   <subfield code="a">eng</subfield>
  </datafield>
  <datafield tag="090" ind1=" " ind2=" ">
   <subfield code="a">LG 993.5 2023 S796</subfield>
   <subfield code="b">D38</subfield>
  </datafield>
  <datafield tag="100" ind1="1" ind2=" ">
   <subfield code="a">Dator Jr., Rolando F.</subfield>
   <subfield code="e">author</subfield>
   <subfield code="d">2001-</subfield>
  </datafield>
  <datafield tag="245" ind1="1" ind2="4">
   <subfield code="a">The heterosexual romantic relationship with a teammate and sports performance in collegiate sports</subfield>
   <subfield code="b">a case study</subfield>
   <subfield code="c">Rolando F. Dator Jr. ; Hercules Callanta, adviser.</subfield>
  </datafield>
  <datafield tag="264" ind1=" " ind2="0">
   <subfield code="c">2023</subfield>
   <subfield code="a">Quezon City</subfield>
   <subfield code="b">College of Human Kinetics, University of the Philippines Diliman</subfield>
  </datafield>
  <datafield tag="300" ind1=" " ind2=" ">
   <subfield code="a">48 leaves</subfield>
   <subfield code="c">28 cm</subfield>
  </datafield>
  <datafield tag="336" ind1=" " ind2=" ">
   <subfield code="a">text</subfield>
   <subfield code="2">rdacontent</subfield>
  </datafield>
  <datafield tag="337" ind1=" " ind2=" ">
   <subfield code="a">unmediated</subfield>
   <subfield code="2">rdamedia</subfield>
  </datafield>
  <datafield tag="338" ind1=" " ind2=" ">
   <subfield code="a">volume</subfield>
   <subfield code="2">rdacarrier</subfield>
  </datafield>
  <datafield tag="500" ind1=" " ind2=" ">
   <subfield code="a">Vita</subfield>
  </datafield>
  <datafield tag="502" ind1=" " ind2=" ">
   <subfield code="a">Thesis (Bachelor of Sport Science) -- University of the Philippines Diliman</subfield>
   <subfield code="d">July 2023</subfield>
  </datafield>
  <datafield tag="504" ind1=" " ind2=" ">
   <subfield code="a">Includes bibliographical references</subfield>
  </datafield>
  <datafield tag="506" ind1=" " ind2=" ">
   <subfield code="a">F - no patentable invention or creation, not for personal publication and no confidential information</subfield>
  </datafield>
  <datafield tag="520" ind1=" " ind2=" ">
   <subfield code="a">Coaches under collegiate-level Teams often discourage having Romantic Relationships with their teammates for it is said to cause distraction and possible, eventually even conflict -- all of which would then lead to affecting the athlete’s sports performance. This study ought to examine the past and present romantic relationships of student-athletes that have been or are currently in a romantic relationship with their teammate; whether their romantic relationships have weighed in a significant factor in their sports performance or not whilst also looking into tackling themes that would aid in understanding even more, such dyad-dynamic. Semi-structured one-on-one interviews were held online or face-to-face, and coding and thematic analysis were done to analyze the data. The results show eight prevailing themes: Emotion Regulation, Balancing Responsibilities, Motivation &amp; Support, Stress &amp; Distraction, Self-Accountability, and Awareness of Responsibility. These are the factors that affect the athlete’s performance with regards to its association of their romantic relationships with their teammate.</subfield>
  </datafield>
  <datafield tag="650" ind1=" " ind2="0">
   <subfield code="a">Bisexual people</subfield>
   <subfield code="x">Relations with heterosexuals.</subfield>
  </datafield>
  <datafield tag="650" ind1=" " ind2="0">
   <subfield code="a">Heterosexuality.</subfield>
  </datafield>
  <datafield tag="650" ind1=" " ind2="0">
   <subfield code="a">Athletic ability.</subfield>
  </datafield>
  <datafield tag="650" ind1=" " ind2="0">
   <subfield code="a">College sports.</subfield>
  </datafield>
  <datafield tag="700" ind1="1" ind2=" ">
   <subfield code="a">Callanta, Hercules</subfield>
   <subfield code="e">adviser.</subfield>
  </datafield>
  <datafield tag="905" ind1=" " ind2=" ">
   <subfield code="a">FI</subfield>
  </datafield>
  <datafield tag="905" ind1=" " ind2=" ">
   <subfield code="a">UP</subfield>
  </datafield>
  <datafield tag="852" ind1="0" ind2=" ">
   <subfield code="a">UPD</subfield>
   <subfield code="b">DCHK</subfield>
   <subfield code="h">LG 993.5 2023 S796</subfield>
   <subfield code="i">D38</subfield>
  </datafield>
  <datafield tag="942" ind1=" " ind2=" ">
   <subfield code="a">Thesis</subfield>
  </datafield>
 </record>
</collection>
